[Event "Rohde op 10th"]
[Site "Sautron"]
[Date "2010.10.28"]
[Round "7"]
[White "Rouillon, Robin"]
[Black "Gayon, Benoit"]
[Result "0-1"]
[WhiteElo "1749"]
[BlackElo "1956"]
[PlyCount "60"]
[EventDate "2010.10.23"]
[EventType "swiss"]
[EventRounds "9"]
[EventCountry "FRA"]
[SourceTitle "EXT 2012"]
[Source "ChessBase"]
[SourceDate "2011.11.24"]
[SourceVersion "1"]
[SourceVersionDate "2011.11.24"]
[SourceQuality "1"]

1. c4 c5 2. Nc3 Nf6 3. g3 g6 4. Bg2 Bg7 5. Nf3 Nc6 6. d4 cxd4 7. Nxd4 0-0 8. 0-0 Nxd4 9. Qxd4 d6 10. Qd3 Nd7 11. b3 Nc5 12. Qd2 Bd7 13. Bb2 Bc6 14. Nd5 e6 15. Bxg7 Kxg7 16. Nc3 Bxg2 17. Kxg2 Qb6 18. Rfd1 Rad8 19. e4 f5 20. f3 fxe4 21. fxe4 Qc6 22. Qd4+ e5 23. Qe3 Ne6 24. Rd5 Nd4 25. Qd2 Qd7 26. Nb5 Nf3 27. Qd3 Qg4 28. h3 Nh4+ 29. Kg1 Qxh3 30. gxh4 Rf3 0-1